| 000 | 00413nam a22001457a 4500 | ||
|---|---|---|---|
| 999 |
_c18584 _d18584 |
||
| 008 | 201109b xxu||||| |||| 00| 0 eng d | ||
| 020 | _a0192892973 | ||
| 050 |
_aBD418.2 _b.C73 2001 c.1 |
||
| 100 | _aCrane, Tim | ||
| 245 |
_aElements of Mind _ban introduction to the philosophy of mind _cTim Crane |
||
| 260 |
_aNew York _bOUP _c2001 |
||
| 300 | _axvii, 181p. | ||
| 650 | _aPhilosophy of mind | ||
| 942 |
_2lcc _cBK |
||